HIT ME HARD AND SOFT ALL SONGS - Statistics

General Stats
  • This quiz has been taken 258 times
  • The average score is 9 of 10
Answer Stats
Answer % Correct
LUNCH
97%
CHIHIRO
96%
BIRDS OF A FEATHER
95%
BLUE
95%
SKINNY
94%
WILDFLOWER
94%
THE GREATEST
91%
THE DINER
88%
BITTERSUITE
85%
L'AMOUR DE MA VIE
85%
No matching quizzes found
Score Distribution
Percent of People with Each Score
Percentile by Number Answered
Your Score History
You have not taken this quiz